[Event "Reykjavik Open 2026"]
[Site "Reykjavik ISL"]
[Date "2026.03.26"]
[Round "2.93"]
[White "Janssens, Carlo"]
[Black "Chilton, James I"]
[Result "1-0"]
[WhiteElo "2028"]
[BlackElo "1790"]
[WhiteFideId "217492"]
[BlackFideId "423009"]
[EventDate "2026.03.25"]

1. Nf3 d5 2. e3 Nf6 3. c4 c6 4. b3 Bf5 5. Bb2 e6 6. Be2 dxc4 7. bxc4 Bd3 8. O-O
Bxe2 9. Qxe2 Be7 10. Nc3 O-O 11. d4 Nbd7 12. e4 Qa5 13. Rad1 Rad8 14. g3 Qh5 15.
Kg2 Kh8 16. Rb1 Ng4 17. h3 Ngf6 18. Bc1 b6 19. e5 Ne8 20. Bf4 g5 21. Nxg5 Ng7
22. Qxh5 Nxh5 23. Be3 h6 24. Nge4 Kh7 25. a4 f5 26. exf6 Ndxf6 27. Nxf6+ Nxf6
28. Ne2 Ne4 29. a5 Rb8 30. axb6 axb6 31. Ra1 Rb7 32. Ra6 Bd8 33. f3 Ng5 34. Bxg5
hxg5 35. Rfa1 Rff7 36. Rb1 Ra7 37. Rba1 Rab7 38. R1a3 Rfd7 39. Re3 Rd6 40. Re4
Bf6 41. Kf2 Rbd7 42. Rxb6 c5 43. dxc5 Rd2 44. Rbxe6 Bd4+ 45. Kg2 Bxc5 46. R6e5
Bb6 47. Rxg5 Kh6 48. h4 Bd8 49. Re6+ Kh7 50. Rd5 R7xd5 51. cxd5 Rxd5 52. Kh3 Rd3
53. Kg4 Rd5 54. Nf4 Rb5 55. Rd6 Bb6 56. h5 Kg7 57. Nd3 Be3 58. f4 Ra5 59. Kf3
Bg1 60. g4 Bh2 61. g5 Bg1 62. Rd7+ Kg8 63. Kg4 Be3 64. h6 Ra4 65. g6 Bb6 66. Rd6
Bc7 67. h7+ Kh8 68. g7+ Kxg7 69. Rd7+ Kh8 70. Rf7 Bd6 71. Kg5 Ra5+ 72. f5 Be7+
73. Kf4 Rd5 74. Ke4 Ra5 75. f6 Bxf6 76. Rxf6 Kxh7 77. Ne5 Ra7 78. Kf5 Kg7 79.
Rg6+ Kh7 80. Re6 Kg7 81. Kg5 Rb7 82. Rg6+ Kh7 83. Kh5 Re7 84. Nf3 Rg7 85. Ng5+
Kg8 86. Rb6 Ra7 87. Kg6 Kf8 88. Re6 Rg7+ 89. Kh6 Re7 90. Rb6 Ra7 91. Kg6 Rg7+
92. Kf6 Rf7+ 93. Nxf7 1-0

[Event "Reykjavik Open 2026"]
[Site "Reykjavik ISL"]
[Date "2026.03.26"]
[Round "2.94"]
[White "Dillenschneider, Antoine"]
[Black "Petursson, Gudni"]
[Result "1/2-1/2"]
[WhiteElo "1787"]
[BlackElo "2027"]
[WhiteFideId "527032787"]
[BlackFideId "2301725"]
[EventDate "2026.03.25"]

1. Nf3 d5 2. c4 c6 3. e3 Nf6 4. Nc3 g6 5. d4 Bg7 6. Be2 O-O 7. O-O a6 8. b3 b5
9. cxd5 cxd5 10. b4 Nc6 11. a3 Bb7 12. Bb2 e6 13. Nd2 Nd7 14. Nb3 Nb6 15. Nc5
Bc8 16. Bf3 Nc4 17. Qc2 Rb8 18. Rfd1 Ne7 19. Ne2 Nxb2 20. Qxb2 Nf5 21. Rac1 Nd6
22. Rc3 Nc4 23. Qc1 Nd6 1/2-1/2

[Event "Reykjavik Open 2026"]
[Site "Reykjavik ISL"]
[Date "2026.03.26"]
[Round "2.95"]
[White "Maton, Emily"]
[Black "Burgert, Conrad"]
[Result "1-0"]
[WhiteElo "2016"]
[BlackElo "1783"]
[WhiteFideId "343120293"]
[BlackFideId "30965047"]
[EventDate "2026.03.25"]

1. d4 Nf6 2. Bf4 e6 3. Nf3 d5 4. e3 Nh5 5. Bd3 Nxf4 6. exf4 Bd6 7. g3 c5 8. c3
Nc6 9. dxc5 Bxc5 10. Qe2 O-O 11. O-O a6 12. Nbd2 b5 13. Rad1 b4 14. c4 Nd4 15.
Nxd4 Bxd4 16. Nf3 Bf6 17. Ne5 Bb7 18. Rfe1 Bxe5 19. fxe5 Qa5 20. b3 dxc4 21.
Bxc4 Qc5 22. Bd3 Rac8 23. Bxa6 Bxa6 24. Qxa6 Ra8 25. Qd6 Qxd6 26. Rxd6 Rxa2 27.
Rb6 h6 28. Rxb4 Rd8 29. Re3 Rd7 30. Rb5 Kh7 31. Kg2 Rb2 32. g4 Kg6 33. h3 Rdd2
34. Rf3 Re2 35. Rb7 f6 36. exf6 gxf6 37. Rb4 Re5 38. Rbf4 f5 39. gxf5+ exf5 40.
Rb4 Kf6 41. Rb6+ Re6 42. Rb5 Re5 43. Rb8 Kf7 44. Rb6 h5 45. Rh6 Rb5 46. Rxh5 Kg6
47. Rh8 R2xb3 48. Rf4 R3b4 49. Rxb4 Rxb4 50. Kg3 Rb3+ 51. f3 Rb4 52. Re8 Kg5 53.
Rg8+ Kf6 54. Rh8 Kg5 55. h4+ Kf6 56. Rh6+ Kg7 57. Ra6 Rc4 58. h5 Rb4 59. f4 Rb1
60. Rg6+ Kf7 61. Kh4 Rb5 62. Kg5 Ra5 63. Rf6+ Kg7 64. h6+ Kh7 65. Rf7+ Kh8 66.
Rxf5 Ra8 67. Rf7 Rb8 68. f5 Ra8 69. Kg6 Kg8 70. Rg7+ Kh8 71. f6 Ra6 72. Rb7 Ra8
73. Rh7+ Kg8 74. f7+ 1-0

[Event "Reykjavik Open 2026"]
[Site "Reykjavik ISL"]
[Date "2026.03.26"]
[Round "2.96"]
[White "Magzumov, Damirali"]
[Black "Bathula, Abhinav Reddy"]
[Result "1-0"]
[WhiteElo "1782"]
[BlackElo "2020"]
[WhiteFideId "13727117"]
[BlackFideId "35005693"]
[EventDate "2026.03.25"]

1. e4 c5 2. Nf3 d6 3. d4 cxd4 4. Nxd4 Nf6 5. Nc3 a6 6. Bg5 e6 7. f4 h6 8. Bh4
Be7 9. Qf3 Qc7 10. O-O-O Nbd7 11. Be2 b5 12. Bxf6 Nxf6 13. e5 Bb7 14. Qg3 dxe5
15. fxe5 Nd5 16. Nxe6 fxe6 17. Qg6+ Kd7 18. Bg4 Qxe5 19. Nxd5 Qg5+ 20. Qxg5
Bxg5+ 21. Kb1 Bxd5 22. Rxd5+ Kc7 23. Bxe6 Rad8 24. Rhd1 Rxd5 25. Bxd5 Rd8 26. c3
a5 27. Kc2 Kb6 28. b3 Kc5 29. c4 a4 30. Re1 Rf8 31. Kd3 Rf2 32. b4+ Kxb4 33.
Rb1+ Ka3 34. cxb5 Rd2+ 35. Ke4 Rxg2 36. b6 Rg4+ 37. Kf5 Rd4 38. Ke5 Rh4 39. Rf1
Bd8 40. b7 Bc7+ 41. Ke6 Rxh2 42. Rc1 Re2+ 43. Kd7 Be5 44. Rc3+ Kb2 45. Rc8 Bh2
46. b8=Q+ Bxb8 47. Rxb8+ Ka3 48. Kd6 g5 49. Rh8 Rh2 50. Rg8 Rh4 51. Ke5 Rh2 52.
Rg6 Rh4 53. Be6 Rh2 54. Kd4 Rh1 55. Ke3 Re1+ 56. Kd2 Rh1 57. Kc2 Rh4 58. Kd3 Rh1
59. Bd5 Rh3+ 60. Kc2 Kb4 61. Rc6 Rh2+ 62. Kb1 Rh4 63. Kb2 Rh2+ 64. Rc2 Rh4 65.
a3+ Kb5 66. Bc6+ Kb6 67. Bd7 Rd4 68. Be8 Re4 69. Bg6 Rf4 70. Rh2 Kc5 71. Kc3
Rf3+ 72. Bd3 Rf6 73. Rb2 Rf3 74. Rb5+ Kc6 75. Ra5 Rh3 76. Rxa4 h5 77. Ra6+ Kb7
78. Rg6 Rg3 79. Kd4 h4 80. Be4+ Ka7 81. a4 h3 82. Rh6 g4 83. Ke5 Ra3 84. Bc6 g3
85. Rxh3 g2 86. Bxg2 Rxa4 87. Rh6 Ra2 88. Bd5 Rc2 89. Rh1 Kb6 90. Kd6 Kb5 91.
Rb1+ Ka5 92. Rb8 Rc1 93. Bc6 Rd1+ 94. Kc7 Rg1 95. Rb5+ Ka6 96. Rb4 Rg7+ 97. Bd7
Rg5 98. Ra4+ Ra5 99. Re4 Rg5 100. Kc6 Ka5 101. Kb7 Rb5+ 102. Bxb5 Kxb5 103. Re5+
Kb4 104. Kc6 Kc4 105. Re4+ Kb3 106. Kc5 Kc3 107. Re3+ Kc2 108. Kc4 Kb2 109. Re2+
Kb1 110. Kc3 Kc1 111. Re1# 1-0

[Event "Reykjavik Open 2026"]
[Site "Reykjavik ISL"]
[Date "2026.03.26"]
[Round "2.97"]
[White "Thorisson, Benedikt"]
[Black "Daddario, Aayush"]
[Result "1-0"]
[WhiteElo "2003"]
[BlackElo "1775"]
[WhiteFideId "2314576"]
[BlackFideId "39988287"]
[EventDate "2026.03.25"]

1. e4 c6 2. Nc3 d5 3. Nf3 Bg4 4. d4 e6 5. h3 Bxf3 6. Qxf3 Nd7 7. exd5 cxd5 8.
Bb5 Nf6 9. O-O a6 10. Bd3 Bd6 11. Bf4 Qc7 12. Ne2 O-O 13. c3 Bxf4 14. Nxf4 Nb6
15. Rfe1 Nc4 16. Re2 b5 17. g4 Nd6 18. g5 Nfe8 19. h4 g6 20. h5 Ng7 21. hxg6
hxg6 22. Kg2 Ndf5 23. Rh1 Rfd8 24. Bxf5 Nxf5 25. Qh3 f6 26. Qh8+ Kf7 27. Rh7+
Ng7 28. Rxg7# 1-0

[Event "Reykjavik Open 2026"]
[Site "Reykjavik ISL"]
[Date "2026.03.26"]
[Round "2.98"]
[White "Zhou, Abigail"]
[Black "Schmid, Bernhard"]
[Result "0-1"]
[WhiteTitle "WCM"]
[WhiteElo "1771"]
[BlackElo "2015"]
[WhiteFideId "39922081"]
[BlackFideId "12915467"]
[EventDate "2026.03.25"]

1. e4 e5 2. Nf3 Nc6 3. Bc4 Nf6 4. d3 d5 5. exd5 Nxd5 6. O-O Bc5 7. Re1 O-O 8. c3
Bg4 9. h3 Bh5 10. Nbd2 Nb6 11. Bb5 f6 12. Bxc6 bxc6 13. Ne4 Be7 14. Ng3 Bf7 15.
d4 Bd5 16. dxe5 fxe5 17. Nxe5 Bd6 18. Ng4 Qh4 19. Nh1 h5 20. Ne5 Qf6 21. Qxh5
Rae8 22. Nd3 Rxe1+ 23. Nxe1 Qe6 24. Be3 Nc4 25. Qg5 Rf5 26. Qd8+ Rf8 27. Qg5 Re8
28. Bf4 Bc5 29. Kh2 Rf8 30. Nd3 Be7 31. Qg3 Rf6 32. Re1 Qf7 33. Bg5 Bd6 34. f4
Rg6 35. h4 Re6 36. Qf2 Qf5 37. Rxe6 Qxe6 38. Kg1 Qe4 39. Ne1 Ne3 40. Ng3 Qc4 41.
Qe2 Bc5 42. Qxc4 Nxc4+ 43. Kf1 Nxb2 44. Ke2 Bc4+ 45. Kd2 Bxa2 46. f5 Bd5 47. h5
Nc4+ 48. Ke2 a5 49. Nd3 Bd6 50. Kf2 a4 51. Ne2 a3 52. Ndc1 Ne5 53. Nd4 a2 54.
Nc2 Be4 55. Na1 Bb1 56. Ke2 Ba3 57. Ncb3 Bxf5 58. Bf4 Nc4 59. Bxc7 Bb2 60. Kd1
Bxc3 61. Bf4 Nb2+ 62. Ke2 Bg4+ 63. Ke3 Bxh5 64. g3 Bf7 65. Ke4 Nd1 66. Be5 Bd5+
67. Kf5 Ne3+ 68. Kf4 g5+ 69. Kxe3 Bxe5 70. Nd4 c5 71. Ndc2 Bxg3 72. Kd3 Be5 73.
Ke3 g4 74. Kd3 g3 75. Ke2 g2 76. Kf2 Bh2 77. Ke2 g1=Q 78. Kd2 Bf4+ 79. Kc3 Qg3+
80. Kb2 Be5+ 0-1

[Event "Reykjavik Open 2026"]
[Site "Reykjavik ISL"]
[Date "2026.03.26"]
[Round "2.99"]
[White "Estevez Sacristan, Deva"]
[Black "Jamil, Emil Jacobsen"]
[Result "1-0"]
[WhiteTitle "CM"]
[WhiteElo "2001"]
[BlackElo "1769"]
[WhiteFideId "32041101"]
[BlackFideId "7204183"]
[EventDate "2026.03.25"]

1. e4 c5 2. Nf3 d6 3. d4 cxd4 4. Nxd4 Nf6 5. f3 a6 6. c4 Nc6 7. Nc3 e6 8. Be3
Be7 9. Be2 Bd7 10. Nc2 Rc8 11. O-O O-O 12. Qd2 Qc7 13. Rac1 Ne5 14. Nd4 Rfd8 15.
Rfd1 h6 16. Bf1 Bf8 17. b3 Nc6 18. Nc2 Be8 19. Qf2 Nd7 20. Na4 Rb8 21. Qg3 Kh7
22. c5 Nf6 23. Na3 Nh5 24. Qh4 f5 25. exf5 exf5 26. Bd3 Bg6 27. cxd6 Rxd6 28.
Nc5 Rbd8 29. Nc4 Rf6 30. Bb1 b5 31. Rxd8 Qxd8 32. Nb2 Qc8 33. Ncd3 Qe8 34. Re1
Re6 35. Bd2 Nf6 36. Nf4 Rxe1+ 37. Qxe1 Bc5+ 38. Kh1 Qd7 39. Nxg6 Kxg6 40. Nd3
Bb6 41. g4 Kf7 42. h3 Qd5 43. Kg2 fxg4 44. hxg4 a5 45. Nf4 Qd6 46. Bg6+ Kg8 47.
Nh5 Ne5 48. Bf4 Bc7 49. Qe2 Qc5 50. Nxf6+ gxf6 51. Be4 Kg7 52. Qd2 Qd6 53. Bxh6+
Kf7 54. Qxd6 Bxd6 55. g5 Ng6 56. gxf6 Kxf6 57. Bd2 b4 58. Be3 Bc7 59. Bd4+ Kg5
60. Kf2 Nh4 61. Ke2 Kf4 62. Be3+ Ke5 63. Kd3 Ng2 64. Bf2 Nf4+ 65. Kc4 Ne2 66.
Bd3 Nf4 67. Bg3 Ke6 68. Be4 Kd7 69. Kb5 Ke6 70. Kc6 Be5 71. Bf2 Ne2 72. Kb6 Nc3
73. Bd3 Nxa2 74. Kxa5 Bc3 75. Be3 Be1 76. f4 Nc3 77. f5+ Ke5 78. Bh6 Nd5 79.
Bg7+ Nf6 80. Bf8 Nd5 81. Bc4 Ne3 82. Bxb4 Bxb4+ 83. Kxb4 Nxf5 84. Kc5 Nd6 85.
Bd5 Nc8 86. b4 Na7 87. Bb3 Ke4 88. Kb6 Nc8+ 89. Kb7 Nd6+ 90. Kc6 Nc8 91. Be6
Ne7+ 92. Kd6 1-0

[Event "Reykjavik Open 2026"]
[Site "Reykjavik ISL"]
[Date "2026.03.26"]
[Round "2.100"]
[White "Bedard, Maxime"]
[Black "Akeborg, Jonatan"]
[Result "1-0"]
[WhiteElo "1768"]
[BlackElo "2000"]
[WhiteFideId "2632896"]
[BlackFideId "1773089"]
[EventDate "2026.03.25"]

1. e4 c5 2. Nc3 Nc6 3. Bb5 e6 4. Bxc6 bxc6 5. d3 Ne7 6. f4 d5 7. Nf3 Ng6 8. O-O
Qc7 9. f5 exf5 10. exd5 Be7 11. d4 O-O 12. dxc6 Qxc6 13. d5 Qb6 14. b3 Bd7 15.
Ne2 Bf6 16. Rb1 Bb5 17. Bd2 c4+ 18. Kh1 c3 19. Bg5 Rfe8 20. Re1 Bxg5 21. Nxg5
Qe3 22. Nd4 Qxg5 23. Nxb5 Nf4 24. Qf3 Rac8 25. Rf1 Rc5 26. Qxf4 Qxf4 27. Rxf4
Rxb5 28. Rd1 g6 29. a4 Rc5 30. Rc4 Rcc8 31. d6 Rxc4 32. bxc4 Kf8 33. c5 1-0

[Event "Reykjavik Open 2026"]
[Site "Reykjavik ISL"]
[Date "2026.03.26"]
[Round "2.101"]
[White "De Winter, Eric"]
[Black "Resika, Nathan"]
[Result "0-1"]
[BlackTitle "FM"]
[WhiteElo "1761"]
[BlackElo "1990"]
[WhiteFideId "1033069"]
[BlackFideId "2008343"]
[EventDate "2026.03.25"]

1. Nf3 Nf6 2. c4 g6 3. g3 Bg7 4. Bg2 O-O 5. Nc3 d6 6. d4 c5 7. O-O Nc6 8. h3
cxd4 9. Nxd4 Nxd4 10. Qxd4 Be6 11. Qd3 Qc8 12. Kh2 Bxc4 13. Bxb7 Bxd3 14. Bxc8
Bxe2 15. Re1 Rfxc8 16. Rxe2 e6 17. Be3 a6 18. Rd1 Rc6 19. Kg2 d5 20. Red2 Rb8
21. a3 Rc4 22. Bf4 Rb3 23. f3 Nh5 24. Ne2 Nxf4+ 25. Nxf4 Rxb2 0-1

[Event "Reykjavik Open 2026"]
[Site "Reykjavik ISL"]
[Date "2026.03.26"]
[Round "2.102"]
[White "Lonnqvist, Henrik"]
[Black "Eiriksson, Theodor"]
[Result "1-0"]
[WhiteElo "2000"]
[BlackElo "1761"]
[WhiteFideId "505137"]
[BlackFideId "2322277"]
[EventDate "2026.03.25"]

1. e4 d5 2. exd5 Qxd5 3. Nc3 Qd6 4. d4 Nf6 5. Nf3 c6 6. Ne5 Nbd7 7. Bf4 Nd5 8.
Nxd5 Qxd5 9. Be2 Nxe5 10. Bxe5 Bf5 11. O-O e6 12. Qd2 O-O-O 13. Rfd1 f6 14. c4
Qd7 15. Bg3 Bc5 16. d5 e5 17. Qa5 Bb6 18. Qa3 Qd6 19. c5 Bxc5 20. b4 Bxb4 21.
Qf3 Bg6 22. dxc6 Qe7 23. Rac1 Bd6 24. Qb3 b6 25. c7 Bxc7 26. Qc4 Kb8 27. Bf3 Rd6
28. Qa6 e4 29. Rxc7 Qxc7 30. Be2 Rhd8 31. h3 Qb7 32. Qa3 Qc7 33. Rc1 Qd7 34. Rd1
Kc7 35. Rxd6 1-0

[Event "Reykjavik Open 2026"]
[Site "Reykjavik ISL"]
[Date "2026.03.26"]
[Round "2.103"]
[White "Berezovskii, Arina"]
[Black "Rijnders, Nanno"]
[Result "1/2-1/2"]
[WhiteTitle "WCM"]
[WhiteElo "1999"]
[BlackElo "1749"]
[WhiteFideId "34449850"]
[BlackFideId "1065670"]
[EventDate "2026.03.25"]

1. e4 c6 2. d4 d5 3. exd5 cxd5 4. Bd3 Nc6 5. c3 Nf6 6. h3 g6 7. Qc2 Bg7 8. Nf3
O-O 9. O-O Qd6 10. Be3 Bd7 11. Nbd2 Rac8 12. a3 a6 13. Nb3 Nh5 14. Nc5 Rc7 15.
Qd2 e5 16. dxe5 Nxe5 17. Nxe5 Bxe5 18. Nxd7 Rxd7 19. Be2 Nf4 20. Bf3 Qf6 21. Bg4
Rdd8 22. g3 Ne6 23. f4 Bd6 24. f5 Nc7 25. Bg5 Qe5 26. Bxd8 Qxg3+ 27. Qg2 Qe3+
28. Qf2 Qxf2+ 29. Kxf2 Rxd8 30. Rad1 Kg7 31. Kg2 f6 32. Rd3 Be5 33. Rfd1 gxf5
34. Bf3 Ne6 35. Kh1 Nf4 36. R3d2 Nxh3 37. Rxd5 Rc8 38. Rd7+ Kh6 39. Kg2 Rg8+ 40.
Kxh3 Rg3+ 41. Kh2 Rxf3+ 42. Kg2 Rg3+ 43. Kf2 Rh3 44. Rxb7 Kg5 45. Rg1+ Kh6 46.
Rgg7 Rh2+ 47. Kg1 Re2 48. Rxh7+ Kg5 49. Kf1 Rc2 50. Rhg7+ Kf4 51. Rgd7 Ke3 52.
Rd1 Rh2 53. Kg1 Re2 54. Rb3 f4 55. c4+ Ke4 56. Kf1 Rh2 57. Re1+ Kd4 58. Kg1 Rd2
59. Rc1 Kc5 60. Rb7 Bxb2 61. Rf1 Bd4+ 62. Kh1 Kxc4 63. Rxf4 Kd3 64. Rf3+ Ke4 65.
Rbb3 f5 66. Rh3 f4 67. Rb7 Be3 68. Re7+ 1/2-1/2

[Event "Reykjavik Open 2026"]
[Site "Reykjavik ISL"]
[Date "2026.03.26"]
[Round "2.104"]
[White "Ernisson, Petur Ulfar"]
[Black "Bjarnason, Snorri Vikanes"]
[Result "1-0"]
[WhiteElo "1738"]
[BlackElo "1988"]
[WhiteFideId "2326116"]
[BlackFideId "1539833"]
[EventDate "2026.03.25"]

1. e4 e5 2. Nf3 Nc6 3. Bc4 Nf6 4. d4 exd4 5. e5 d5 6. Bb5 Nd7 7. O-O Be7 8. Bxc6
bxc6 9. Nxd4 Nb8 10. e6 fxe6 11. Qh5+ g6 12. Qe2 Kf7 13. Re1 Qd6 14. Qf3+ Kg7
15. Bf4 Qd8 16. Rxe6 Bf6 17. Bh6+ Kxh6 18. Rxf6 Qe7 19. Nd2 Kg7 20. Rf4 Re8 21.
Qc3 Kg8 22. N2f3 Qd6 23. Rh4 c5 24. Nb5 Qb6 25. Ng5 Re7 26. Re1 Nc6 27. Rxe7
Nxe7 28. Rxh7 d4 29. Qf3 Be6 30. Qxa8+ Nc8 31. Qe4 1-0

[Event "Reykjavik Open 2026"]
[Site "Reykjavik ISL"]
[Date "2026.03.26"]
[Round "2.105"]
[White "Von Kistowski, Fynn"]
[Black "Hanisch, Sebastian"]
[Result "0-1"]
[WhiteElo "1727"]
[BlackElo "1984"]
[WhiteFideId "1353888"]
[BlackFideId "24668150"]
[EventDate "2026.03.25"]

1. e4 c5 2. c3 Nf6 3. e5 Nd5 4. Nf3 e6 5. Bc4 Nb6 6. Bb3 c4 7. Bc2 Nc6 8. d4
cxd3 9. Qxd3 d5 10. exd6 Qxd6 11. O-O Bd7 12. Bg5 f6 13. Bh4 Qxd3 14. Bxd3 Kf7
15. Bg3 g5 16. Nbd2 h5 17. h4 g4 18. Nh2 f5 19. Nc4 Nd5 20. Be5 Rg8 21. Rad1 Kg6
22. Rfe1 b5 23. Nd2 Nxe5 24. Rxe5 Kf6 25. Ree1 Nf4 26. Bf1 Bc6 27. Nb3 b4 28.
Nd4 Be4 29. f3 gxf3 30. Nhxf3 e5 31. Ng5 exd4 32. cxd4 Bd5 33. g3 Ng6 34. Bg2
Rd8 35. Bxd5 Rxd5 36. Re6+ Kg7 37. Ra6 Rd7 38. Re1 Be7 39. Nf3 Bf6 40. Ree6 Rf8
41. Kg2 f4 42. Ng5 fxg3 43. Kxg3 Ne7 44. Ne4 Bxd4 45. Nd6 Nf5+ 46. Nxf5+ Rxf5
47. Rg6+ Kf7 48. Rh6 Bxb2 49. Rh7+ Bg7 50. Rah6 Rdd5 0-1

[Event "Reykjavik Open 2026"]
[Site "Reykjavik ISL"]
[Date "2026.03.26"]
[Round "2.106"]
[White "Rossiter, Philip E"]
[Black "Homer, Stephen J"]
[Result "0-1"]
[WhiteElo "1722"]
[BlackElo "1979"]
[WhiteFideId "4301455"]
[BlackFideId "410322"]
[EventDate "2026.03.25"]

1. c4 e5 2. g3 Be7 3. Bg2 f5 4. Nc3 d6 5. Nf3 c6 6. d3 Nf6 7. Bd2 O-O 8. O-O Qe8
9. d4 e4 10. Ng5 h6 11. Nh3 g5 12. f3 exf3 13. exf3 Qf7 14. Qe2 Re8 15. Qd3 Na6
16. a3 Nc7 17. Rae1 d5 18. cxd5 Nfxd5 19. Nxd5 Nxd5 20. f4 g4 21. Nf2 Be6 22.
Nd1 Bf8 23. Nc3 Nxc3 24. Qxc3 Bg7 25. Qb4 Bc4 26. Rxe8+ Rxe8 27. Rc1 Bd5 28. Qc5
Bxg2 0-1

[Event "Reykjavik Open 2026"]
[Site "Reykjavik ISL"]
[Date "2026.03.26"]
[Round "2.107"]
[White "Briem, Gudrun Fanney"]
[Black "Adalsteinsson, Hermann"]
[Result "1-0"]
[WhiteTitle "WCM"]
[WhiteElo "1993"]
[BlackElo "1719"]
[WhiteFideId "2317486"]
[BlackFideId "2300591"]
[EventDate "2026.03.25"]

1. d4 d5 2. Bf4 Nc6 3. e3 Nf6 4. Nf3 e6 5. Nbd2 Be7 6. c3 O-O 7. Bd3 a6 8. O-O
Ne8 9. e4 f5 10. exd5 exd5 11. Ne5 Nxe5 12. Bxe5 Bd6 13. Re1 Nf6 14. Qb3 c6 15.
a4 Ne4 16. Bxe4 fxe4 17. Nxe4 Bxe5 18. dxe5 Kh8 19. Nd6 Qe7 20. Re3 Rb8 21. a5
Be6 22. Qb6 Qh4 23. Rf1 Qg5 24. Qc7 g6 25. b4 Kg8 26. f4 Qh6 27. Rg3 Qh5 28. f5
Qe2 29. f6 1-0

[Event "Reykjavik Open 2026"]
[Site "Reykjavik ISL"]
[Date "2026.03.26"]
[Round "2.108"]
[White "Butterworth, Paul"]
[Black "Zuiderweg, Edwin"]
[Result "0-1"]
[WhiteElo "1719"]
[BlackElo "1977"]
[WhiteFideId "343419917"]
[BlackFideId "1012207"]
[EventDate "2026.03.25"]

1. d4 Nf6 2. Nf3 g6 3. c4 Bg7 4. Nc3 d5 5. cxd5 Nxd5 6. e4 Nxc3 7. bxc3 c5 8.
Rb1 O-O 9. Be2 Nc6 10. Be3 cxd4 11. cxd4 Qa5+ 12. Bd2 Qxa2 13. d5 Nd4 14. Nxd4
Bxd4 15. O-O Bg7 16. Bb4 Re8 17. Bb5 Kf8 18. d6 Be6 19. Bxe8 Rxe8 20. dxe7+ Kg8
21. Qd8 Qa4 22. Rfd1 Bf6 23. Ra1 Bxa1 24. Qxe8+ Qxe8 25. Rd8 Bd7 26. f4 Bd4+ 27.
Kf1 Bb6 28. Rxe8+ Bxe8 29. g4 f6 30. Ke2 Kf7 31. h4 a5 0-1

[Event "Reykjavik Open 2026"]
[Site "Reykjavik ISL"]
[Date "2026.03.26"]
[Round "2.109"]
[White "Finke, Kelvin"]
[Black "Parsheh, Arshia"]
[Result "1-0"]
[WhiteElo "1986"]
[BlackElo "1712"]
[WhiteFideId "3205495"]
[BlackFideId "30967473"]
[EventDate "2026.03.25"]

1. d4 e6 2. Bf4 f5 3. e3 Nf6 4. Nf3 Be7 5. h3 b6 6. Bd3 Bb7 7. O-O O-O 8. c4 Ne4
9. Nc3 Nxc3 10. bxc3 d6 11. c5 bxc5 12. dxc5 Bxf3 13. Qxf3 Nd7 14. cxd6 cxd6 15.
Bc4 Nc5 16. Rfd1 Qc7 17. g4 Kh8 18. gxf5 exf5 19. Bd5 Rac8 20. Rab1 g5 21. Bh2
f4 22. exf4 gxf4 23. Rd4 Bg5 24. Kh1 Qg7 25. Rg1 Qh6 26. Qg4 Bf6 27. Rxf4 Nd3
28. Rf3 Ne5 29. Bxe5 Bxe5 30. c4 Rxf3 31. Qg8+ 1-0

[Event "Reykjavik Open 2026"]
[Site "Reykjavik ISL"]
[Date "2026.03.26"]
[Round "2.110"]
[White "Han, Eva"]
[Black "Vedant Nayudu"]
[Result "1-0"]
[WhiteElo "1710"]
[BlackElo "1975"]
[WhiteFideId "343095824"]
[BlackFideId "33369780"]
[EventDate "2026.03.25"]

1. f4 d5 2. Nf3 c5 3. e3 Nc6 4. Be2 Nf6 5. d4 Bf5 6. c3 e6 7. Ne5 Ne4 8. O-O a6
9. Qa4 Rc8 10. Nd2 Nxd2 11. Bxd2 Bd6 12. Rf2 Bxe5 13. fxe5 O-O 14. Raf1 Qb6 15.
Bc1 Rc7 16. Qd1 Rfc8 17. Bd3 Bxd3 18. Qxd3 Qb5 19. Qd1 Qc4 20. Qh5 g6 21. Qh3
Qd3 22. Rf3 Rf8 23. e4 Qxe4 24. Bh6 Re8 25. Re3 Qc2 26. Qh4 f5 27. exf6 Rf7 28.
Bg7 Rd7 29. Rh3 h5 30. Qg5 Nd8 31. Rg3 Nf7 32. Qxg6 Qxg6 33. Rxg6 Kh7 34. Rg3
cxd4 35. Rf4 Nd6 36. Rh4 Nf5 37. Rxh5+ Kg8 38. Rgh3 dxc3 39. Rh8+ Kf7 40. bxc3
Nxg7 41. Rxe8 Kxe8 42. fxg7 Rxg7 43. Re3 Kd7 44. h4 Kd6 45. Kf2 e5 46. h5 Rh7
47. g4 b5 48. Rh3 Ke6 49. g5 Rh8 50. Kf3 Kf5 51. g6 Kf6 52. Kg4 e4 53. Rh1 Re8
54. Rf1+ Kg7 55. Rf7+ Kg8 56. h6 e3 57. h7+ Kh8 58. Kh5 e2 59. Kh6 e1=Q 60. g7# 1-0

[Event "Reykjavik Open 2026"]
[Site "Reykjavik ISL"]
[Date "2026.03.26"]
[Round "2.111"]
[White "Gultekin, Ece"]
[Black "Haraldsson, Haraldur"]
[Result "0-1"]
[WhiteElo "1684"]
[BlackElo "1971"]
[WhiteFideId "1772945"]
[BlackFideId "2311100"]
[EventDate "2026.03.25"]

1. e4 c5 2. Nf3 d6 3. Bb5+ Bd7 4. Bxd7+ Nxd7 5. c4 Ngf6 6. Nc3 g6 7. d4 cxd4 8.
Nxd4 Bg7 9. Be3 O-O 10. O-O a6 11. f4 Rc8 12. b3 b5 13. Qe2 bxc4 14. bxc4 Nb6
15. Nd5 Nxc4 16. Rac1 Nxd5 17. exd5 Nxe3 18. Qxe3 Qb6 19. Nf5 Qxe3+ 20. Nxe3 Bd4
21. Kf2 Rc5 22. Rxc5 Bxc5 23. Kf3 Rb8 24. Nc4 Rb5 25. Rc1 Kf8 26. Ke4 e6 27. Rc2
Ke7 28. g4 Bg1 29. Ne3 Bxe3 30. Kxe3 Rxd5 31. Rc7+ Ke8 32. Rc8+ Ke7 33. Rc6 Ra5
34. Rc7+ Kf8 35. Rc2 Ra3+ 36. Ke4 Ra4+ 37. Ke3 h6 38. Rc8+ Kg7 39. Rc2 g5 40.
fxg5 hxg5 41. Kf3 d5 42. Kg3 Kf6 43. Rf2+ Ke7 44. Rc2 d4 45. Rc7+ Kd6 46. Rxf7
Ra3+ 47. Kg2 Rxa2+ 48. Kg3 a5 49. Rg7 d3 50. Rg8 Ke7 51. Rg7+ Kd6 52. Rg8 Kc7
53. Rg7+ Kc6 54. Rg8 e5 55. Rd8 e4 56. h4 gxh4+ 57. Kxh4 Rh2+ 58. Kg3 Rh7 59.
Rd4 Rd7 60. Ra4 d2 0-1

[Event "Reykjavik Open 2026"]
[Site "Reykjavik ISL"]
[Date "2026.03.26"]
[Round "2.112"]
[White "Oelschlaeger, Lennart"]
[Black "Beyer, Nico"]
[Result "1/2-1/2"]
[WhiteElo "1984"]
[BlackElo "1668"]
[WhiteFideId "12996807"]
[BlackFideId "34671080"]
[EventDate "2026.03.25"]

1. e4 c5 2. Nf3 Nc6 3. d4 cxd4 4. Nxd4 g6 5. Nc3 Bg7 6. Be3 Nf6 7. f3 O-O 8. Qd2
d5 9. Nxc6 bxc6 10. Be2 e5 11. Bc5 Re8 12. O-O Be6 13. Rad1 Nd7 14. Bf2 d4 15.
Na4 f5 16. b3 f4 17. Kh1 Nb6 18. Nc5 Bf7 19. c3 Qe7 20. cxd4 exd4 21. Bxd4 Rad8
22. Qc3 Rxd4 23. Rxd4 Nd5 24. exd5 Qxe2 25. Kg1 Bxd5 26. Qd2 Bxd4+ 27. Qxd4 Qxa2
28. Nd7 Re2 29. Nf6+ Kf7 30. Qxf4 Rxg2+ 31. Kh1 Rxh2+ 32. Qxh2 Qxh2+ 33. Kxh2
Kxf6 34. b4 g5 35. f4 g4 36. Ra1 Kf5 37. Kg3 h5 38. Rxa7 h4+ 39. Kxh4 Kxf4 40.
Rg7 Bf3 41. Rg5 Be2 42. Rc5 Bf3 43. Rg5 Be2 44. Rg7 Ke4 45. Rg5 Kd4 46. Rc5 Bf3
47. Kg3 Ke3 48. Rc2 Kd3 49. Rc1 Kd2 50. Rc4 Kd3 51. Rc5 Ke3 52. b5 cxb5 53. Rxb5
Ke2 54. Rb2+ Ke3 55. Ra2 Be2 56. Ra3+ Ke4 57. Ra8 Bf3 58. Re8+ Kf5 59. Re3 Kg5
60. Re5+ Kf6 61. Kf4 Bd1 62. Rd5 Bf3 63. Rd6+ Ke7 64. Rg6 Kf7 65. Ra6 Ke7 66.
Rb6 Kd7 67. Rg6 Kc7 68. Ke5 Kd7 69. Kd4 Be2 70. Kd5 Bf3+ 71. Ke5 Be2 72. Rd6+
Kc7 73. Rf6 Kd7 74. Re6 Bf3 75. Rg6 Be2 76. Rg7+ Kc6 77. Rg8 Kb5 78. Rc8 Bf3 79.
Rc1 Bg2 80. Kf4 1/2-1/2